Presidential Yard Signs: Close-Up Quiz Stats

 Plays Quiz Updated Feb 28, 2018

Score 0/20 Timer 05:00
2 Plays Today
% Correct
Franklin Roosevelt
94.2%
Hillary Clinton
93.6%
Calvin Coolidge
93.3%
Richard Nixon
93.3%
George H.W. Bush
92.5%
Donald Trump
91.9%
Barack Obama
90.9%
Ronald Reagan
85.1%
Michael Dukakis
83.4%
John McCain
83%
% Correct
Ross Perot
76%
Hubert Humphrey
75.9%
Bill Clinton
70.3%
George Wallace
66.2%
Jill Stein
63.3%
Barry Goldwater
50.7%
Al Gore
43.8%
Lyndon Johnson
43.1%
Gerald Ford
17.9%
Wendell Willkie
12%

You're not logged in!

Compare scores with friends on all Sporcle quizzes.
OR
Log In

You Might Also Like...

Show Comments

Extras

Top Quizzes Today


Score Distribution

Your Account Isn't Verified!

In order to create a playlist on Sporcle, you need to verify the email address you used during registration. Go to your Sporcle Settings to finish the process.

Report this User

Report this user for behavior that violates our Community Guidelines.

Details: